[Event "45th Olympiad Budapest 2024"]
[Site "Budapest"]
[Date "2024.09.19"]
[Round "8"]
[Board "4"]
[White "Al Mashikhi, Mohammed Alyan"]
[Black "Garcia Fuentes, Sergio Miguel"]
[Result "0-1"]
[WhiteElo "1959"]
[BlackElo "2114"]
[PlyCount "90"]
[EventDate "2024.09.11"]
[EventType "team-tourn"]
[EventRounds "11"]
[EventCountry "HUN"]
[WhiteTeam "Oman"]
[BlackTeam "Guatemala"]
[WhiteTeamCountry "OMN"]
[BlackTeamCountry "GUA"]

1. e4 c5 2. Nf3 e6 3. d4 cxd4 4. Nxd4 Nc6 5. Nc3 a6 6. Be3 Nf6 7. f3 Bb4 8. Bc4 ({RR} 8. Qd2 d5 9. a3 Qa5 10. Nb3 Bxc3 11. bxc3 Qc7 12. Bd3 dxe4 13. fxe4 O-O 14. O-O b6 15. Rxf6 gxf6 16. Bh6 Ne5 17. Bxf8 Kxf8 18. Qh6+ Ke7 19. Rf1 Ng6 20. h4 Qe5 21. Nd4 Bb7 22. h5 Nf8 {0-1 Panarin,M (2482)-Rublevsky,S (2649) RUS Fed Internet Cup Final 5' blitz 2004 (14)}) ({RR} 8. Qd2 O-O 9. a3 Ba5 10. b4 Bb6 11. Nxc6 bxc6 12. Bd3 d5 13. Bxb6 Qxb6 14. Na4 Qc7 15. Nc5 a5 16. O-O axb4 17. axb4 Rb8 18. c3 Nd7 19. Nxd7 Bxd7 20. Qe3 Ra8 21. e5 Rfc8 22. f4 g6 {1-0 Lebedev,A (2024)-Prada Villagrasa,P (2168) Titled Tue 30th Jul Early 2024 (1)}) 8... d5 9. exd5 Nxd5 10. Bxd5 $146 ({RR} 10. Qd2 Nxe3 11. Nxc6 Qxd2+ 12. Kxd2 Nxc4+ {0-1 Vlaicevic,M (2046)-Bokun,J (1810) Osijek op 2008 (8)}) ({RR} 10. Nxc6 Bxc3+ 11. bxc3 Qh4+ 12. Bf2 Qxc4 13. Nd4 Qxc3+ 14. Kf1 O-O 15. Rb1 e5 16. Rb3 Qc4+ 17. Ne2 Bf5 18. c3 Rad8 19. Qe1 Bc2 20. Rb2 Bd3 21. Kg1 Bxe2 22. Rxe2 Qxc3 23. Qxc3 Nxc3 24. Rxe5 Rd1+ {0-1 Balhar,M-Kaspar,W (2035) Nuremberg LGA Cup 2004 (4)}) 10... Qxd5 11. O-O Bxc3 12. bxc3 O-O 13. Nxc6 Qxc6 14. Qd4 b5 15. Rfd1 Bb7 16. Qg4 e5 17. Rd3 Bc8 18. Qg3 Bf5 19. Rd2 Qxc3 20. Re1 Rfe8 21. Qg5 Bg6 22. h4 f6 23. Qg3 Rad8 24. Rde2 Qc4 25. Qf2 h5 26. a3 Rd5 27. Rb1 Rc8 28. Rb4 Rd1+ 29. Kh2 Qd5 30. f4 Rc4 31. f5 Bf7 32. Qg3 Kh7 33. Bf2 Rxb4 34. axb4 Qc4 35. Qf3 Qd5 36. Re4 Rd2 37. Bc5 Rxc2 38. Bf8 Kg8 39. Be7 Qd7 40. Bc5 Qd2 41. Re3 Bd5 42. Qg3 Bxg2 43. Rd3 Qxd3 44. Qxd3 Be4+ 45. Qxc2 Bxc2 0-1

[Event "45th Olympiad Budapest 2024"]
[Site "Budapest"]
[Date "2024.09.19"]
[Round "8"]
[Board "1"]
[White "Ayyad, Husain"]
[Black "Pace, Colin"]
[Result "1-0"]
[WhiteElo "2129"]
[BlackElo "2186"]
[PlyCount "89"]
[EventDate "2024.09.11"]
[EventType "team-tourn"]
[EventRounds "11"]
[EventCountry "HUN"]
[WhiteTeam "Bahrain"]
[BlackTeam "Malta"]
[WhiteTeamCountry "BHN"]
[BlackTeamCountry "MLT"]

1. e4 c5 2. Nf3 Nc6 3. d4 cxd4 4. Nxd4 Nf6 5. Nc3 e6 6. Ndb5 Bc5 7. Bf4 O-O 8. Bd6 Qb6 9. Bxc5 Qxc5 10. Qd6 Qb6 11. Qc7 Qc5 12. Qd6 Qb6 13. Qd2 a6 14. Nd6 Qxb2 15. Rb1 Qa3 16. Be2 b5 $146 ({RR} 16... Ne8 17. Nc4 Qe7 18. Nb6 Rb8 19. O-O d6 20. f4 Nf6 21. Rfd1 Rd8 22. Qe3 Qc7 23. g4 Nd7 24. Nc4 Nf8 25. Nb6 Bd7 26. f5 Ne5 27. g5 Bc6 28. f6 g6 29. Qh3 h5 30. Bxh5 Bxe4 31. Nxe4 {1-0 Hansen,E (2606)-Pridorozhni,A (2580) Titled Tuesday intern op 16th Feb blitz 2021 (9)}) 17. O-O b4 18. Nd1 Qxa2 19. Ne3 Qa5 20. f4 Qc5 21. Rfd1 a5 22. Kh1 Ne8 23. Nxc8 Rxc8 24. e5 d5 25. Bd3 f5 26. exf6 Nxf6 27. Re1 Qd4 28. g3 Kh8 29. Qg2 Rce8 30. Rbd1 Qc5 31. Qh3 e5 32. Bg6 h6 33. Bxe8 Rxe8 34. fxe5 Rxe5 35. Ng4 Nxg4 36. Qxg4 d4 37. Qc8+ Kh7 38. Rxe5 Qxe5 39. Qxc6 Qe2 40. Ra1 b3 41. cxb3 d3 42. Qg2 Qe6 43. Rd1 g6 44. Qf3 d2 45. Qf2 1-0

[Event "45th Olympiad Budapest 2024"]
[Site "Budapest"]
[Date "2024.09.19"]
[Round "8"]
[Board "2"]
[White "Darmanin, Jake"]
[Black "Ayyad, Maher"]
[Result "1-0"]
[WhiteElo "2119"]
[BlackElo "1980"]
[PlyCount "101"]
[EventDate "2024.09.11"]
[EventType "team-tourn"]
[EventRounds "11"]
[EventCountry "HUN"]
[WhiteTeam "Malta"]
[BlackTeam "Bahrain"]
[WhiteTeamCountry "MLT"]
[BlackTeamCountry "BHN"]

1. e4 c5 2. c3 d5 3. exd5 Qxd5 4. Na3 Nc6 5. Nf3 Bg4 6. Be2 Nf6 7. O-O e6 8. h3 Bh5 9. d4 cxd4 10. Nb5 Qd8 11. Nfxd4 Nxd4 12. Nxd4 Bxe2 13. Qxe2 Be7 14. Rd1 Qa5 15. Qf3 ({RR} 15. Bf4 O-O 16. Rd3 Rad8 17. a4 Qh5 18. g4 Qg6 19. Rad1 h5 20. f3 Nd5 21. Bh2 Bg5 22. Qe4 Qxe4 23. fxe4 Ne3 24. Re1 Nc4 25. b3 Nd2 26. b4 hxg4 27. hxg4 Nc4 28. e5 Nb2 29. Rh3 Nxa4 {1-0 Domingo Nunez,R (2420)-Rodriguez Ferreiros,A (2130) ch-ESP Rapid 2023 (6.33)}) 15... Qd5 16. Qxd5 $146 ({RR} 16. Qe2 O-O 17. c4 Qe4 18. Qxe4 Nxe4 19. Be3 Rac8 20. f3 Ng3 21. Bf2 Nh5 22. b3 a6 23. Ne2 b5 24. Rd7 Bc5 25. Bxc5 Rxc5 26. cxb5 axb5 27. Rb7 e5 28. a4 bxa4 29. bxa4 Ra5 30. Rb5 Rfa8 {1-0 Smailkadic,N-Avdic,M (2238) BIH CFFBH-chT1A 2006 (7)}) 16... Nxd5 17. Nf5 g6 18. Nh6 Kf8 19. c4 Nb6 20. b3 Bf6 21. Rb1 Bg7 22. Rd3 Ke7 23. Be3 Bxh6 24. Bxh6 Rhd8 25. Rbd1 Rxd3 26. Rxd3 Nd7 27. Be3 b6 28. Kf1 f6 29. Ke2 Rc8 30. Bc1 Nc5 31. Ba3 Rd8 32. Re3 Kf7 33. b4 Nb7 34. Bb2 Rc8 35. Rc3 a5 36. a3 axb4 37. axb4 Nd6 38. Kd3 Rd8 39. Ke2 Rc8 40. Kd3 Rd8 41. Kc2 Ne4 42. Rd3 Nd6 43. c5 bxc5 44. bxc5 Nb7 45. c6 Rxd3 46. Kxd3 Nd6 47. Ba3 Nb5 48. Bc5 Nc7 49. Kc4 e5 50. Bd6 Ne8 51. Kd5 1-0

[Event "45th Olympiad Budapest 2024"]
[Site "Budapest"]
[Date "2024.09.19"]
[Round "8"]
[Board "3"]
[White "Monther, Alfardan"]
[Black "Novak, Attila Robert"]
[Result "0-1"]
[WhiteElo "1834"]
[BlackElo "2135"]
[PlyCount "74"]
[EventDate "2024.09.11"]
[EventType "team-tourn"]
[EventRounds "11"]
[EventCountry "HUN"]
[WhiteTeam "Bahrain"]
[BlackTeam "Malta"]
[WhiteTeamCountry "BHN"]
[BlackTeamCountry "MLT"]

1. e4 e6 2. d4 d5 3. Nd2 h6 4. Ngf3 Nf6 5. Bd3 c5 6. e5 Nfd7 7. c3 Nc6 8. O-O g5 9. g4 ({RR} 9. h3 h5 10. Re1 g4 11. hxg4 hxg4 12. Nh2 cxd4 13. cxd4 g3 14. fxg3 Nxd4 15. Ndf3 Bc5 16. Be3 Nxf3+ 17. gxf3 Bxe3+ 18. Rxe3 Qb6 19. Qd2 Nxe5 20. Kg2 Nc6 21. Ng4 Qd4 22. Rc1 Bd7 23. Qf2 Qg7 {1-0 Timman,J (2578)-Short,N (2707) Trans Europa Schach Express 2012 (5.3)}) ({RR} 9. h3 Qb6 10. dxc5 Bxc5 11. Qe2 Qc7 12. Nb3 Bb6 13. Nbd4 Ncxe5 14. Nb5 Qb8 15. Re1 Nxf3+ 16. Qxf3 a6 17. Nd4 O-O 18. Qh5 Ne5 19. Qxh6 Nxd3 20. Bxg5 Bd8 21. Bxd8 Rxd8 22. Qg5+ Kh7 23. Qxd8 Nxe1 {1-0 Shymanskyi,O (2284)-Babayeva,N (1793) Titled Tue 6th Feb Early 2024 (7)}) 9... Bg7 $146 ({RR} 9... h5 10. h3 hxg4 11. hxg4 Qb6 12. Qa4 Be7 13. Re1 cxd4 14. cxd4 Nf8 15. Qb5 Qxb5 16. Bxb5 Bd7 17. Bxc6 Bxc6 18. Nf1 Rg8 19. Ng3 Ng6 20. Nh5 Nh4 21. Nxh4 gxh4 22. f3 Rg6 23. Bd2 Kd7 24. Kg2 {½-½ Kilian,R (2121)-Goecke,K (2065) NRW Class1 1516 2015 (4.5)}) ({RR} 9... h5 10. h3 hxg4 11. hxg4 Qb6 12. dxc5 Qc7 13. Re1 Ncxe5 14. Nxe5 Nxe5 15. Bb5+ Bd7 16. Bxd7+ Nxd7 17. Nf1 Bxc5 18. Bxg5 Rg8 19. Qxd5 Be7 20. Bxe7 Rxg4+ 21. Ng3 Kxe7 22. Kf1 Nb6 23. Qh5 Qc4+ 24. Re2 {½-½ Aswath S (2251)-Djordjevic,V (2385) Serbia Open 2023 (5.27)}) 10. Re1 Qb6 11. Qb3 c4 12. Qxb6 axb6 13. Bc2 b5 14. Nf1 b4 15. Bd2 Bf8 16. Ng3 b5 17. Nh5 Be7 18. Ng7+ Kd8 19. Kg2 Rg8 20. Nh5 Bb7 21. Kg3 Kc7 22. h4 bxc3 23. bxc3 b4 24. Reb1 bxc3 25. Bxc3 gxh4+ 26. Nxh4 Ra3 27. Bb3 cxb3 28. axb3 Rxa1 29. Rxa1 Ra8 30. Rc1 Ra3 31. f3 Rxb3 32. Ng7 Kd8 33. Ng2 Bf8 34. Nh5 Ba3 35. Rc2 Nb4 36. Bxb4 Rxb4 37. Ra2 Bb2 0-1

[Event "45th Olympiad Budapest 2024"]
[Site "Budapest"]
[Date "2024.09.19"]
[Round "8"]
[Board "4"]
[White "Zerafa, Patrick"]
[Black "Mosa, Hamad"]
[Result "1-0"]
[WhiteElo "1986"]
[BlackElo "1721"]
[PlyCount "97"]
[EventDate "2024.09.11"]
[EventType "team-tourn"]
[EventRounds "11"]
[EventCountry "HUN"]
[WhiteTeam "Malta"]
[BlackTeam "Bahrain"]
[WhiteTeamCountry "MLT"]
[BlackTeamCountry "BHN"]

1. d4 e6 2. Nf3 d5 3. g3 Nf6 4. Bg2 Bd6 5. O-O O-O 6. b3 c6 7. Bb2 Nbd7 8. c4 Ne4 9. Nc3 ({RR} 9. Qc2 Qe7 10. Ne5 f5 11. e3 Nxe5 12. dxe5 Bc5 13. Qe2 a5 14. f3 Ng5 15. Nc3 Ba7 16. Kh1 Bd7 17. Rad1 Rfd8 18. Nb1 b5 19. cxb5 cxb5 20. Na3 b4 21. Nc2 Qe8 22. Rf2 Rdc8 23. Nd4 Rc7 {½-½ Hoffman,A (2491)-Hansen,L (2562) Olympiad-34 Istanbul 2000 (5.2)}) ({RR} 9. e3 Qe7 10. Nfd2 f5 11. Nc3 Nxc3 12. Bxc3 b6 13. Re1 a5 14. a4 Ba6 15. Rc1 Rac8 16. Rc2 Kh8 17. Qa1 Rfe8 18. Rec1 Kg8 19. Bb2 Qf8 20. Nf3 Ra8 21. h4 Rac8 22. Ng5 Qe7 23. Nh3 Qf8 {1-0 Vojta,J (2266)-Stocek,M (2110) 35th Czech Open A 2024 (6.29)}) 9... Ndf6 10. Nd2 Nxd2 11. Qxd2 Qe7 $146 ({RR} 11... Bb4 12. Qd3 a6 13. a3 Bd6 14. e4 Bb8 15. e5 Nd7 16. f4 Qb6 17. Na4 Qd8 18. Rac1 b5 19. Nc3 Bb7 20. c5 Bc7 21. Ne2 f6 22. b4 Qe8 23. g4 Bd8 24. Ng3 Bc7 25. Rce1 Qg6 26. Qxg6 {1-0 Denes,J-Carqueville,S Iljumzhinov Cup op 2000 (3)}) 12. e4 dxe4 13. Nxe4 Nxe4 14. Bxe4 f5 15. Bc2 f4 16. Qd3 g6 17. Rfe1 Qf7 18. Re2 Bd7 19. Qc3 Be7 20. Rae1 Bf6 21. Qb4 b6 22. Qd2 Bg7 23. Re4 Bh6 24. g4 e5 25. f3 Bxg4 26. fxg4 f3 27. Qf2 Bg5 28. Rf1 Qf6 29. dxe5 Qe7 30. Bc1 Bh4 31. Qe3 f2+ 32. Kg2 g5 33. e6 Rf6 34. Bb2 Rg6 35. Qd4 Kf8 36. Qh8+ Rg8 37. Qf6+ Ke8 38. Qxe7+ Kxe7 39. Re2 Rgf8 40. Bxh7 Rf4 41. Bf5 Rd8 42. Be5 Rdd4 43. Bxd4 Rxd4 44. Rfxf2 Bxf2 45. Kxf2 c5 46. Ke1 a6 47. Rd2 Kd6 48. Rxd4+ cxd4 49. Kd2 1-0

[Event "45th Olympiad Budapest 2024"]
[Site "Budapest"]
[Date "2024.09.19"]
[Round "8"]
[Board "1"]
[White "Ortega Amarelle, Mariano"]
[Black "Hasford, John Kojo"]
[Result "1-0"]
[WhiteElo "2453"]
[BlackElo "1956"]
[PlyCount "55"]
[EventDate "2024.09.11"]
[EventType "team-tourn"]
[EventRounds "11"]
[EventCountry "HUN"]
[WhiteTeam "Cape Verde"]
[BlackTeam "Ghana"]
[BlackTeamCountry "GHA"]

1. e4 d6 2. d4 Nf6 3. Nc3 c6 4. f4 g6 5. Nf3 Bg7 6. Bd3 O-O 7. O-O Na6 8. h3 ({RR} 8. e5 Ne8 9. Ne4 c5 10. dxc5 dxe5 11. Bxa6 Qxd1 12. Rxd1 bxa6 13. fxe5 Nc7 14. Bg5 Re8 15. c3 Ne6 16. Be3 a5 17. b4 Bb7 18. Ned2 axb4 19. cxb4 Rab8 20. Rab1 Bc6 21. Nc4 Be4 22. Rb2 Bc6 {1-0 Stockfish dev-20230903-b25d68 (3666)-RubiChess 20230823 (3508) TCEC 25 Premier 2023 (71.3)}) 8... Nb4 $146 ({RR} 8... c5 9. d5 Rb8 10. Re1 e6 11. dxe6 fxe6 12. e5 Ne8 13. Be3 b6 14. f5 gxf5 15. Bg5 Qc7 16. Nb5 Qd7 17. Nxd6 Nxd6 18. Bxa6 Ne4 19. Qxd7 Bxd7 20. Rad1 Bc6 21. Bc4 Rfe8 22. Bh4 b5 23. Bf1 {0-1 Priehoda,V (2390)-Kuporosov,V (2510) Ceske Budejovice op 1994 (6)}) ({RR} 8... c5 9. d5 b6 10. f5 Nc7 11. a4 gxf5 12. Nh4 e6 13. dxe6 fxe6 14. exf5 d5 15. Bf4 Qe7 16. fxe6 Bxe6 17. Qf3 Rae8 18. Rae1 Qd8 19. Nf5 Bxf5 20. Bxf5 Kh8 21. b3 a6 22. Ne2 Ne6 23. Be5 {1-0 LCZero 0.31-dag-5107404-T2-52 (3633)-Stoofvlees II b5 (3492) TCEC 25 Premier 2023 (78.4)}) ({RR} 8... Nc7 9. a4 Bd7 10. Qe1 Nfe8 11. f5 e6 12. fxg6 fxg6 13. e5 Bc8 14. Bg5 Qd7 15. Qh4 dxe5 16. Nxe5 Rxf1+ 17. Rxf1 Bxe5 18. dxe5 Ng7 19. Qf2 Qe8 20. Ne4 {1-0 Berebora,F (2425)-Szlabey,G (2220) Balatonbereny op 1993 (5)}) 9. Be2 d5 10. e5 Ne8 11. a3 Na6 12. Be3 b5 13. Na2 Nac7 14. Nb4 Bd7 15. Nd3 Ne6 16. f5 N6c7 17. e6 fxe6 18. fxg6 hxg6 19. Nde5 Nd6 20. Nxg6 Rf6 21. Nge5 Be8 22. Bg5 Rf8 23. Qe1 Ne4 24. Qh4 Nxg5 25. Nxg5 Rf6 26. Qh7+ Kf8 27. Bh5 Bxh5 28. Qxh5 1-0

[Event "45th Olympiad Budapest 2024"]
[Site "Budapest"]
[Date "2024.09.19"]
[Round "8"]
[Board "2"]
[White "Anquandah, Francis Eric"]
[Black "Alho, Diogo"]
[Result "0-1"]
[WhiteElo "1941"]
[BlackElo "2192"]
[PlyCount "84"]
[EventDate "2024.09.11"]
[EventType "team-tourn"]
[EventRounds "11"]
[EventCountry "HUN"]
[WhiteTeam "Ghana"]
[BlackTeam "Cape Verde"]
[WhiteTeamCountry "GHA"]

1. e4 c5 2. Nf3 d6 3. d4 cxd4 4. Bb5+ Nd7 5. Nxd4 Ngf6 6. Nc3 a6 7. Ba4 e6 ({RR} 7... g6 8. f3 b5 9. Bb3 Bb7 10. Be3 Ne5 11. Qd2 Rc8 12. O-O Bg7 13. Kh1 O-O 14. Bh6 Nc4 15. Bxc4 Rxc4 16. Bxg7 Kxg7 17. Nce2 Qc7 18. c3 e5 19. Nf5+ gxf5 20. Qg5+ Kh8 21. Qxf6+ Kg8 22. Ng3 {1-0 Anquandah,F (1971)-Arko Dadzie,G (1571) GHA-ch Accra 2017 (3)}) 8. O-O Be7 9. Be3 O-O 10. Bb3 $146 ({RR} 10. f4 Qc7 11. Bb3 Nc5 12. Qf3 b5 13. f5 b4 14. Na4 e5 15. Ne2 Nxa4 16. Bxa4 Bb7 17. Ng3 d5 18. exd5 Bxd5 19. Qd1 Rfd8 20. Qe1 Ng4 21. Bd2 Bc5+ 22. Kh1 Qb7 23. Qe2 Bxg2+ 24. Qxg2 Rxd2 {0-1 Hoogeboom,A-Van de Heyden,A Hengelo U14 op 1996 (2)}) ({RR} 10. Qf3 Qc7 11. Bb3 Nc5 12. Rac1 Re8 13. Rfe1 b5 14. a3 Bb7 15. Bg5 Rad8 16. Ba2 Nfd7 17. Bxe7 Rxe7 18. Qg3 Ne5 19. Re3 Qb6 20. b4 Ncd7 21. Nce2 Ng6 22. c4 Rc8 23. Rec3 bxc4 24. Rxc4 Rxc4 {½-½ Strieck,C (1839)-Holzwarth,P (2042) St Leon Rot op 2011 (2)}) 10... Ne5 11. h3 Qc7 12. Qe2 b5 13. a3 Bd7 14. Rad1 Rfc8 15. f4 Nc4 16. Bxc4 Qxc4 17. e5 Qxe2 18. Ndxe2 Ne8 19. exd6 Nxd6 20. b4 Be8 21. Bc5 Rxc5 22. bxc5 Nc4 23. Rd3 Bxc5+ 24. Kh2 Nxa3 25. Ne4 Be7 26. c3 Bc6 27. Nd2 g6 28. Nd4 Bb7 29. Re1 Rd8 30. Ree3 Bd5 31. f5 Bg5 32. Re1 gxf5 33. Rg3 h6 34. Ra1 Nc4 35. Nxc4 bxc4 36. h4 f4 37. Rh3 Bf6 38. Rxa6 Rb8 39. Ra2 e5 40. Ne2 Rb1 41. Rd2 Be4 42. g4 Rh1# 0-1

[Event "45th Olympiad Budapest 2024"]
[Site "Budapest"]
[Date "2024.09.19"]
[Round "8"]
[Board "3"]
[White "Mirulla, David"]
[Black "Anhwere, Bernard"]
[Result "0-1"]
[WhiteElo "1904"]
[BlackElo "1893"]
[PlyCount "100"]
[EventDate "2024.09.11"]
[EventType "team-tourn"]
[EventRounds "11"]
[EventCountry "HUN"]
[WhiteTeam "Cape Verde"]
[BlackTeam "Ghana"]
[BlackTeamCountry "GHA"]

1. e4 c5 2. Nf3 d6 3. d4 cxd4 4. Nxd4 Nf6 5. Nc3 a6 6. h3 e6 7. g4 Nc6 8. g5 Nd7 9. h4 ({RR} 9. Bg2 Be7 10. h4 Qc7 11. Be3 Nde5 12. Nxc6 bxc6 13. b3 d5 14. Na4 O-O 15. f4 Nd7 16. O-O Bb7 17. c4 dxe4 18. Bxe4 c5 19. Qf3 Bxe4 20. Qxe4 Rad8 21. Rad1 Nb6 22. Nb2 Rxd1 23. Rxd1 Rd8 {1-0 Nakamura,H (2736)-Sarana,A (2663) Wch Blitz Moscow 2019 (7)}) 9... Qb6 10. Nb3 Qc7 11. h5 $146 ({RR} 11. f4 b5 12. Be3 Nb6 13. Bd3 Be7 14. Qe2 Rb8 15. O-O Na4 16. Nxa4 bxa4 17. Nd2 Rxb2 18. Nc4 Rb5 19. f5 Nb4 20. Bd4 d5 21. Ne5 Nxd3 22. cxd3 dxe4 23. Rac1 Bc5 24. Bxc5 Qxe5 25. Qe3 Bb7 {½-½ Vallejo Pons,F (2709)-Zhao,J (2601) CHN-chT China 2018 (5.6)}) 11... b5 12. Bf4 b4 13. Nb1 Bb7 14. Rh3 Nce5 15. N1d2 Be7 16. c3 a5 17. Nd4 d5 18. Be3 bxc3 19. bxc3 dxe4 20. Nb5 Qc8 21. Qa4 Nf3+ 22. Nxf3 exf3 23. Qd4 e5 24. Qa4 O-O 25. Bc4 Nb6 26. Bxb6 Qxh3 27. O-O-O Bxg5+ 28. Kb2 Bc6 29. Rd6 Bd7 30. Qd1 Bxb5 31. Bxb5 Rab8 32. c4 e4 33. Qd5 Be7 34. Rc6 Qh4 35. Kb3 Rxb6 36. Rxb6 Qxf2 37. Rb7 Bf6 38. Be8 Qb2+ 39. Ka4 Qxa2+ 40. Kb5 Qb2+ 41. Ka6 Qe5 42. Bxf7+ Kh8 43. c5 e3 44. c6 Qxd5 45. Bxd5 e2 46. Bxf3 e1=Q 47. c7 Qf1+ 48. Ka7 Qxf3 49. Rb8 Bd4+ 50. Ka6 Qc6+ 0-1

[Event "45th Olympiad Budapest 2024"]
[Site "Budapest"]
[Date "2024.09.19"]
[Round "8"]
[Board "4"]
[White "Frempong-Smart, Daniel"]
[Black "Vaz, Jose Carlos"]
[Result "0-1"]
[WhiteElo "1863"]
[BlackElo "1909"]
[PlyCount "56"]
[EventDate "2024.09.11"]
[EventType "team-tourn"]
[EventRounds "11"]
[EventCountry "HUN"]
[WhiteTeam "Ghana"]
[BlackTeam "Cape Verde"]
[WhiteTeamCountry "GHA"]

1. d4 d5 2. Nf3 Nf6 3. g3 e6 4. Bg2 c5 5. c4 dxc4 6. Qa4+ Nc6 7. O-O Bd7 8. Qxc4 cxd4 9. Nxd4 Rc8 10. Nxc6 Bxc6 11. Bxc6+ Rxc6 12. Qa4 Bc5 13. Nc3 O-O 14. Bg5 h6 15. Bxf6 Qxf6 16. e3 ({RR} 16. Ne4 Qd4 17. Nxc5 Qxc5 {½-½ Tsifanskaya,L (1970)-Malienko,A (1904) World Senior Teams +65 2024 (2.4)}) 16... Bb6 $146 ({RR} 16... a6 17. Rfd1 Rfc8 18. Rd2 b5 19. Qb3 Qf3 20. Ne2 Be7 21. Rad1 Bf6 22. Nd4 Bxd4 23. exd4 Qxb3 24. axb3 Rc2 25. Kg2 Kf8 26. Kf3 Ke7 27. d5 Rxd2 28. Rxd2 exd5 29. Rxd5 Rc2 30. Ke3 Rxb2 31. Rd3 {0-1 Goryachkina,A (2584)-Lagno,K (2563) World Blitz Women 2022 (17.6)}) 17. Rad1 Qf3 18. Rd7 Rfc8 19. Qd1 Qf5 20. Rxb7 h5 21. Rd7 h4 22. Qd3 Qh3 23. Na4 hxg3 24. hxg3 Bc7 25. e4 e5 26. Qd5 Rf6 27. Rxc7 Rf8 28. Rxa7 Rh6 0-1

[Event "45th Olympiad Budapest 2024"]
[Site "Budapest"]
[Date "2024.09.19"]
[Round "8"]
[Board "1"]
[White "Michaelides, Konstantinos"]
[Black "Hamperl, Fred"]
[Result "1-0"]
[WhiteElo "2297"]
[BlackElo "1977"]
[PlyCount "81"]
[EventDate "2024.09.11"]
[EventType "team-tourn"]
[EventRounds "11"]
[EventCountry "HUN"]
[WhiteTeam "Cyprus"]
[BlackTeam "Guernsey"]
[WhiteTeamCountry "CYP"]

1. d4 d5 2. c4 e6 3. Nf3 Nf6 4. g3 Bb4+ 5. Bd2 Be7 6. Bg2 O-O 7. O-O Nbd7 8. c5 ({RR} 8. Qb3 Nb6 9. cxd5 exd5 10. Bb4 Bxb4 11. Qxb4 a5 12. Qc3 c6 13. Ne5 Re8 14. Nd2 Ng4 15. Nxg4 Bxg4 16. e3 Qd6 17. Rfe1 Be6 18. Nb3 Qc7 19. Nc5 Nd7 20. Nxe6 fxe6 21. e4 Qd6 22. Re2 dxe4 {1-0 Aronian,L (2780)-Caruana,F (2805) Norway Masters blitz 3rd 2015 (4)}) 8... c6 9. Nc3 Ne4 10. Qc2 $146 ({RR} 10. Nxe4 dxe4 11. Ne5 Nxe5 12. dxe5 Qd5 13. Bc3 Qxc5 14. Bxe4 Rd8 15. Qc2 h6 16. Rfd1 Bd7 17. Bh7+ Kh8 18. Bd3 Be8 19. Qa4 Bf8 20. h4 g6 21. h5 Bg7 22. hxg6 fxg6 23. Qf4 Qe7 24. Kg2 c5 {1-0 Matlakov,M (2674)-Gumularz,S (2539) Wch Rapid Warsaw 2021 (2)}) ({RR} 10. Nxe4 dxe4 11. Ne5 Nxe5 12. dxe5 Qc7 13. Bc3 Bxc5 14. Bxe4 Rd8 15. Qc2 g6 16. Kg2 b6 17. h4 Bf8 18. h5 Bg7 19. hxg6 hxg6 20. Rh1 Bb7 21. Bxg6 fxg6 22. Qxg6 c5+ 23. f3 Kf8 24. Rh4 Rd7 {1-0 Thybo,J (2527)-Haubro,M (2397) ch-DEN 2023 Svendborg DEN (5.3)}) ({RR} 10. Nxe4 dxe4 11. Ne5 Nxe5 12. dxe5 Qd5 13. Bc3 Qxd1 14. Rfxd1 e3 15. b4 exf2+ 16. Kxf2 Rb8 17. a3 Rd8 18. h4 Bd7 19. e3 Be8 20. Be4 f6 21. exf6 Bxf6 22. Bxf6 gxf6 23. g4 h6 24. Ke2 Rxd1 {1-0 Dang,H (2361)-Pranav,A (2479) Hanoi GM 2022 (5)}) 10... Nxd2 11. Nxd2 e5 12. dxe5 Nxc5 13. Rad1 Qc7 14. f4 f6 15. exf6 Bxf6 16. Nb3 Nxb3 17. Nxd5 Qf7 18. Nxf6+ gxf6 19. axb3 Be6 20. Rd3 Qc7 21. b4 Rad8 22. Rfd1 Rxd3 23. Qxd3 Qb6+ 24. Qd4 Qxd4+ 25. Rxd4 Kf7 26. Kf2 Rc8 27. Rd2 Ke7 28. Be4 h6 29. Ke3 Rc7 30. f5 Bf7 31. g4 Bg8 32. Kf4 Rd7 33. Rxd7+ Kxd7 34. h4 Kd6 35. Bf3 b6 36. g5 fxg5+ 37. hxg5 hxg5+ 38. Kxg5 c5 39. bxc5+ bxc5 40. Kf6 a5 41. e4 1-0

[Event "45th Olympiad Budapest 2024"]
[Site "Budapest"]
[Date "2024.09.19"]
[Round "8"]
[Board "2"]
[White "Brookfield, Toby"]
[Black "Isaakidis, Alexandros"]
[Result "0-1"]
[WhiteElo "1872"]
[BlackElo "2155"]
[PlyCount "52"]
[EventDate "2024.09.11"]
[EventType "team-tourn"]
[EventRounds "11"]
[EventCountry "HUN"]
[WhiteTeam "Guernsey"]
[BlackTeam "Cyprus"]
[BlackTeamCountry "CYP"]

1. e4 c6 2. Nf3 d5 3. Nc3 dxe4 4. Nxe4 Nf6 5. Nxf6+ exf6 6. d4 Bd6 7. Bd3 O-O 8. O-O Re8 9. c4 Bg4 ({RR} 9... Nd7 10. Qc2 Nf8 11. h3 g6 12. Bd2 Ne6 13. Rfe1 Nf4 14. Rxe8+ Qxe8 15. Re1 Qd8 16. Bf1 Bf5 17. Qc1 g5 18. Qc3 a5 19. a3 a4 20. Bxf4 Bxf4 21. Bd3 Bg6 22. c5 Kg7 23. Qc4 Qd7 24. Kf1 {1-0 Karthikeyan,M (2610)-Eljanov,P (2676) Chess.com Classic Play-In 2024 (6.24)}) 10. h3 Bh5 11. g4 Bg6 12. Nh4 $146 ({RR} 12. Bxg6 hxg6 13. Qb3 Qc7 14. Bd2 Bf4 15. Rae1 Nd7 16. Kg2 f5 17. Bxf4 Qxf4 18. g5 f6 19. Qxb7 fxg5 20. Qxd7 Rxe1 21. Rxe1 g4 22. Ne5 gxh3+ 23. Kf1 Qg5 24. Qe6+ Kh7 25. Ke2 h2 26. Rh1 Qh5+ {1-0 Fizer,M (1464)-Sarafis,R (1354) Online Friendship U12 2020 (7.1)}) ({RR} 12. Qc2 Na6 13. a3 Nc7 14. Bf5 Ne6 15. Be3 Nf4 16. Bxf4 Bxf4 17. Kg2 Bc7 18. Rfe1 Qd6 19. b4 Qf4 20. Bxg6 hxg6 21. Qd2 Qxd2 22. Nxd2 Kf8 23. Nb3 Rad8 24. Kf3 g5 25. Re4 Rxe4 26. Kxe4 Re8+ {1-0 Skvortsov,A (2294)-Povshednyi,I (2223) Titled Tue 15th Aug Early 2023 (3)}) 12... Bxd3 13. Qxd3 g6 14. Nf3 Nd7 15. Kg2 Nf8 16. Be3 Qd7 17. Rad1 f5 18. gxf5 gxf5 19. Nh4 Re4 20. Nf3 Re6 21. Nh4 Re4 22. Nf3 Ng6 23. Rg1 Rae8 24. Ng5 R4e7 25. d5 Bf4 26. Bc1 Bxc1 0-1

[Event "45th Olympiad Budapest 2024"]
[Site "Budapest"]
[Date "2024.09.19"]
[Round "8"]
[Board "3"]
[White "Antoniou, Rafail"]
[Black "Owen, Garth I"]
[Result "1/2-1/2"]
[WhiteElo "2007"]
[BlackElo "1810"]
[PlyCount "73"]
[EventDate "2024.09.11"]
[EventType "team-tourn"]
[EventRounds "11"]
[EventCountry "HUN"]
[WhiteTeam "Cyprus"]
[BlackTeam "Guernsey"]
[WhiteTeamCountry "CYP"]

1. c4 Nf6 2. Nf3 g6 3. Nc3 Bg7 4. e4 d6 5. d4 O-O 6. Be2 e5 7. O-O Nc6 8. Be3 Ng4 9. Bg5 f6 10. Bc1 Nxd4 11. Nxd4 exd4 12. Qxd4 f5 13. Qd5+ Kh8 14. Bxg4 fxg4 15. Be3 ({RR} 15. Bg5 c6 16. Qd2 Qc7 17. Bh6 Bxh6 18. Qxh6 Be6 19. b3 Qa5 20. Qe3 Rf6 21. Rad1 Qe5 22. Rd3 Bg8 23. Rfd1 Raf8 24. R1d2 b5 25. cxb5 cxb5 26. Qxa7 b4 27. Nd1 Qxe4 28. Re3 Qc6 29. Qd4 Qc5 {½-½ Agdestein,S (2600)-Milos,G (2540) Olympiad-29 Novi Sad 1990 (10)}) ({RR} 15. Bg5 Qe8 16. Qd2 Rf7 17. Rad1 Qe5 18. Be3 Be6 19. Bd4 Qxd4 20. Qxd4 Bxd4 21. Rxd4 Raf8 22. b3 h5 23. Rd2 Kg7 24. Re1 a6 25. Re3 Bd7 26. Nd5 Bc6 27. a4 a5 28. Kf1 b6 29. Ke1 Bb7 {½-½ Palomo Teruel,X (2094)-Kandic,M (1927) Benidorm Open A 2023 (3.23)}) 15... c6 16. Qd3 Be6 17. Bd4 Qe7 $146 ({RR} 17... Be5 18. Rad1 Qg5 19. Ne2 Rad8 20. b3 b6 21. Be3 Qh4 22. Ng3 h6 23. Qd2 Kh7 24. Bd4 Qe7 25. Qe3 Rd7 26. Qc3 Qg5 27. Bxe5 dxe5 28. Rxd7+ Bxd7 29. Rd1 Rf7 30. Ne2 Bc8 31. Qc1 Qe7 32. Qe3 {½-½ Portisch,L (2605)-Piket,J (2495) Hoogovens Wijk aan Zee 1990 (13)}) ({RR} 17... Be5 18. Rfd1 Qg5 19. Ne2 Kg8 20. Bxe5 dxe5 21. b3 Rf7 22. Qg3 Raf8 23. Nc1 Bc8 24. Nd3 Re8 25. Nc5 b6 26. Na4 Ref8 27. Nc3 h5 28. h4 Qe7 29. Qe3 Qxh4 30. Rd6 Kg7 31. g3 Qe7 32. Rxc6 {0-1 Wells,P (2439)-Stewart,A (2128) BCF-chT1a 1718 (4NCL) 2017 (3.23)}) 18. b3 Rad8 19. Rad1 h5 20. Bxg7+ Kxg7 21. Qe3 h4 22. e5 d5 23. cxd5 cxd5 24. Ne2 h3 25. g3 Bf5 26. Nd4 Be4 27. e6 Rc8 28. Rc1 Kh7 29. Rfd1 Qf6 30. Re1 Kg7 31. Qd2 Rfe8 32. Qe3 Rf8 33. Rcd1 Rfe8 34. Rd2 Kh7 35. Rdd1 Re7 36. Qe2 Qg5 37. Qb2 1/2-1/2